000 00641cam a2200217 4500500
005 20260329005444.0
041 _afre
042 _adc
100 1 0 _aLarmagnac-Matheron, Octave
_eauthor
245 0 0 _aMort de Prigojine, naissance d’un mythe
260 _c2023.
500 _a14
690 _aMichel Eltchaninoff
690 _aMort
690 _aMythe
690 _aPolitique
690 _aRussie
690 _aVladimir Poutine
786 0 _nPhilosophie magazine | 173 | 10 | 2023-10-01 | p. 9-9 | 1951-1787
856 4 1 _uhttps://shs.cairn.info/magazine-philosophie-magazine-2023-10-page-9?lang=fr&redirect-ssocas=7080
999 _c1843601
_d1843601